LIBRARY & INFORMATION CENTRE, KCAET, TAVANUR

ONLINE PUBLIC ACCESS CATALOGUE (OPAC)

The case of the mythical monkeys / (Record no. 18063)

MARC details
000 -LEADER
fixed length control field 00567cam a2200193 i 4500
003 - CONTROL NUMBER IDENTIFIER
control field OSt
008 - FIXED-LENGTH DATA ELEMENTS--GENERAL INFORMATION
fixed length control field 801103r1981 mau 000 1 eng
020 ## - INTERNATIONAL STANDARD BOOK NUMBER
ISBN 0837603986 (lib. bdg.) :
041 ## - LANGUAGE CODE
Language code of text/sound track or separate title eng
082 00 - DEWEY DECIMAL CLASSIFICATION NUMBER
Classification number 813/.52
100 1# - MAIN ENTRY--AUTHOR NAME
Personal name Gardner, Erle Stanley,
245 14 - TITLE STATEMENT
Title The case of the mythical monkeys /
260 ## - PUBLICATION, DISTRIBUTION, ETC. (IMPRINT)
Place of publication Cambridge, Mass. :
Name of publisher R. Bentley,
Year of publication 1981, c1959.
300 ## - PHYSICAL DESCRIPTION
Number of Pages viii, 276 p. ;
490 1# - SERIES STATEMENT
Series statement A Perry Mason mystery
500 ## - GENERAL NOTE
General note Reprint of the ed. published by Morrow, New York.
500 ## - GENERAL NOTE
General note Series statement from jacket.
942 ## - ADDED ENTRY ELEMENTS (KOHA)
Koha item type Books
Holdings
Withdrawn status Lost status Damaged status Home library Current library Date acquired Full call number Accession Number Koha item type Public note
Withdrawn     KAUAET Malayalam University 27/11/1975 813/.52 8833 Books Transferred to Malayalam University
free website counter